[Event "40th Olympiad Open"]
[Site "Istanbul TUR"]
[Date "2012.08.30"]
[Round "3.52"]
[Board "4"]
[White "Lungu, Nase"]
[Black "Arvind, Goru"]
[Result "1-0"]
[WhiteTitle "FM"]
[WhiteElo "2252"]
[BlackElo "1678"]
[WhiteTeam "Zambia"]
[BlackTeam "Fiji"]
[WhiteFideId "8700052"]
[BlackFideId "11400188"]
[EventDate "2012.08.28"]

1. d4 e6 2. c4 d6 3. Nc3 Ne7 4. e4 c6 5. Bd3 Nd7 6. Nge2 Ng6 7. O-O Be7 8. f4
O-O 9. f5 exf5 10. exf5 Nh8 11. Bf4 Nf6 12. Qd2 d5 13. c5 Nh5 14. Be3 g6 15. Rf3
f6 16. Bh6 Rf7 17. Raf1 Bf8 18. Rh3 Bxh6 19. Qxh6 Qf8 20. Qd2 Ng7 21. fxg6 hxg6
22. Rxh8+ Kxh8 23. Nf4 Kg8 24. Nxg6 Qd8 25. Qh6 Rd7 26. Qh8+ Kf7 27. Ne5+ Ke6
28. Qh3+ Ke7 29. Qh7 Qf8 30. Ng6+ 1-0

[Event "40th Olympiad Open"]
[Site "Istanbul TUR"]
[Date "2012.08.30"]
[Round "3.53"]
[Board "2"]
[White "Fekadu, Desalegn Jimma"]
[Black "Amdouni, Zoubaier"]
[Result "1/2-1/2"]
[WhiteElo "2149"]
[BlackElo "2305"]
[WhiteTeam "Ethiopia"]
[BlackTeam "Tunisia"]
[WhiteFideId "15700070"]
[BlackFideId "5500419"]
[EventDate "2012.08.28"]

1. d4 e6 2. c4 b6 3. Nc3 Bb7 4. e3 Bb4 5. Bd2 f5 6. Nf3 Nf6 7. Be2 O-O 8. O-O a5
9. a3 Bxc3 10. Bxc3 Ne4 11. Rc1 d6 12. Nd2 Qg5 13. Nxe4 Bxe4 14. g3 Bb7 15. Bf3
Bxf3 16. Qxf3 Nd7 17. Qc6 Qd8 18. e4 Nf6 19. exf5 exf5 20. f3 Qd7 21. Qxd7 Nxd7
22. Rfe1 Kf7 23. Re2 Rfe8 24. Rce1 Rxe2 25. Rxe2 Re8 26. Kf2 Rxe2+ 27. Kxe2 c5
28. Kd3 g6 29. f4 Nf6 30. dxc5 dxc5 31. Bxf6 Kxf6 32. Kc3 a4 33. b3 Ke6 34. bxa4
Kd6 35. Kd3 h5 36. Kc3 Kc6 37. Kb3 Kb7 38. a5 bxa5 39. Kc2 a4 40. Kd2 Kc6 41.
Ke2 Kd6 42. Kf3 Ke6 43. Kg2 Kf6 44. Kh3 g5 45. fxg5+ Kxg5 46. Kg2 f4 47. Kf3
fxg3 48. Kxg3 h4+ 49. Kf3 Kf5 50. h3 Ke5 1/2-1/2

[Event "40th Olympiad Open"]
[Site "Istanbul TUR"]
[Date "2012.08.30"]
[Round "3.54"]
[Board "2"]
[White "Almedina Ortiz, Edgardo J"]
[Black "Faraj, Yahya"]
[Result "1/2-1/2"]
[WhiteTitle "FM"]
[BlackTitle "FM"]
[WhiteElo "2247"]
[BlackElo "2243"]
[WhiteTeam "Puerto Rico"]
[BlackTeam "Yemen"]
[WhiteFideId "3100197"]
[BlackFideId "9400184"]
[EventDate "2012.08.28"]

1. e4 e5 2. Nf3 Nc6 3. Bc4 Be7 4. c3 Nf6 5. d3 O-O 6. O-O d5 7. exd5 Nxd5 8. Re1
Bf6 9. Nbd2 a6 10. Ne4 Nb6 11. Bb3 Bg4 12. h3 Bh5 13. a4 a5 14. Be3 Re8 15. Qe2
Bg6 16. Rad1 Nd5 17. Nh2 Be7 18. Qf3 Nxe3 19. fxe3 Kh8 20. g4 Rf8 21. Ng3 Bh4
22. e4 Qe7 23. Nhf1 Qc5+ 24. Qf2 Qxf2+ 25. Kxf2 Be7 26. Kf3 f6 27. Ne3 Bf7 28.
Bxf7 Rxf7 29. Nd5 Bf8 30. h4 Nd8 31. Ra1 Ne6 32. Ne2 Rd8 33. Rad1 Nc5 34. Ke3
Rfd7 35. d4 Nxa4 36. b3 Nb6 37. Nxb6 cxb6 38. d5 Rc8 39. c4 a4 40. Kd3 Bb4 41.
Rf1 axb3 42. Rb1 Rdc7 43. Rfc1 b2 44. Rc2 Ba3 45. Rc3 Bb4 46. Rc2 Ba3 47. Rc3
Bb4 48. Rc2 1/2-1/2

[Event "40th Olympiad Open"]
[Site "Istanbul TUR"]
[Date "2012.08.30"]
[Round "3.54"]
[Board "4"]
[White "Montanez Nazario, Roberto"]
[Black "Salman, Saleh"]
[Result "0-1"]
[WhiteElo "2144"]
[BlackElo "2004"]
[WhiteTeam "Puerto Rico"]
[BlackTeam "Yemen"]
[WhiteFideId "3100316"]
[BlackFideId "9400621"]
[EventDate "2012.08.28"]

1. e4 e5 2. Bc4 Bc5 3. Nf3 Nc6 4. c3 d6 5. d4 exd4 6. cxd4 Bb6 7. Bg5 Nf6 8. Nc3
Bg4 9. Nd5 Bxf3 10. Qxf3 Bxd4 11. O-O-O h6 12. Rxd4 hxg5 13. Bb5 a6 14. Bxc6+
bxc6 15. Ne3 Nd7 16. Ng4 Qe7 17. e5 d5 18. Kb1 Rb8 19. Re1 Rb6 20. Qf5 Nc5 21.
Rc1 Ne6 22. Rd2 Qb4 23. Rcc2 Qf4 24. Qxf4 gxf4 25. h3 f3 26. gxf3 Rxh3 27. Rc3
d4 28. Rcd3 c5 29. Rc2 c4 30. Ra3 d3 31. Rcc3 Rxf3 32. Rxc4 Rf4 0-1

[Event "40th Olympiad Open"]
[Site "Istanbul TUR"]
[Date "2012.08.30"]
[Round "3.55"]
[Board "1"]
[White "Phillips, Roy"]
[Black "Sanches, Romario"]
[Result "1-0"]
[WhiteTitle "FM"]
[WhiteElo "2257"]
[BlackElo "2030"]
[WhiteTeam "Mauritius"]
[BlackTeam "Suriname"]
[WhiteFideId "404136"]
[BlackFideId "8200211"]
[EventDate "2012.08.28"]

1. c4 Nf6 2. Nc3 c5 3. g3 g6 4. Bg2 Bg7 5. d3 Nc6 6. e4 d6 7. Nge2 O-O 8. O-O a6
9. a4 Rb8 10. Rb1 Bd7 11. Be3 Qc8 12. b3 Bh3 13. f3 Bxg2 14. Kxg2 Qd8 15. d4
cxd4 16. Nxd4 Nd7 17. Nde2 Qa5 18. Nd5 Qd8 19. Qd2 Re8 20. Rfc1 Nf6 21. Bb6 Qd7
22. a5 e6 23. Nxf6+ Bxf6 24. Rd1 Bd8 25. Qxd6 Qxd6 26. Rxd6 Bxb6 27. axb6 Rbd8
28. Rbd1 Rxd6 29. Rxd6 Rd8 30. Rxd8+ Nxd8 31. Kf2 Kf8 32. Ke3 Ke7 33. c5 Kd7 34.
Kd3 Nc6 35. f4 e5 36. Kc4 Ke6 37. b4 f5 38. exf5+ gxf5 39. b5 axb5+ 40. Kxb5 e4
41. Nc3 Nd4+ 42. Kc4 Nc6 43. Nd1 Na5+ 44. Kb5 Nc6 45. Ne3 h5 46. Kc4 Na5+ 47.
Kc3 Nc6 48. h3 Ne7 49. Nc2 Kd5 50. Kb4 Nc6+ 51. Kb5 Ke6 52. Kc4 Na5+ 53. Kc3 Kd5
54. Kb4 Nc6+ 55. Kb5 Ke6 56. Kc4 Na5+ 57. Kc3 Kd5 58. Ne3+ Ke6 59. Nc2 Kd5 60.
Nd4 Kxc5 61. Nxf5 Nc6 62. Ng7 Kxb6 63. Nxh5 Kc5 64. Nf6 e3 65. Ne4+ Kd5 66. Kd3
Nb4+ 67. Kxe3 Nc2+ 68. Kd3 Ne1+ 69. Kd2 Nf3+ 70. Ke3 Ne1 71. h4 b6 72. h5 Ke6
73. Nd6 Kf6 74. g4 Kg7 75. g5 Nc2+ 76. Ke4 Nb4 77. Nf5+ Kh8 78. Ne7 b5 79. h6
Kh7 80. f5 Na6 81. Nd5 b4 82. Nf6+ Kh8 83. g6 Nc5+ 1-0

[Event "40th Olympiad Open"]
[Site "Istanbul TUR"]
[Date "2012.08.30"]
[Round "3.55"]
[Board "2"]
[White "Gajadin, Dewperkash"]
[Black "Li Ying, Patrick"]
[Result "1/2-1/2"]
[WhiteTitle "FM"]
[BlackTitle "CM"]
[WhiteElo "2185"]
[BlackElo "2120"]
[WhiteTeam "Suriname"]
[BlackTeam "Mauritius"]
[WhiteFideId "8200041"]
[BlackFideId "9700056"]
[EventDate "2012.08.28"]

1. e4 d5 2. exd5 Qxd5 3. Nc3 Qa5 4. d4 Nf6 5. Bc4 c6 6. Nf3 Bf5 7. Bd2 Qc7 8.
Ne5 e6 9. Bf4 Bd6 10. Qe2 O-O 11. Rd1 Nbd7 12. O-O Nd5 13. Nxd5 exd5 14. Bd3
Bxd3 15. Rxd3 Rae8 16. Re3 Nxe5 17. Bxe5 Bxe5 18. Rxe5 Rxe5 19. dxe5 Re8 20. Re1
Qb6 21. b3 Re6 22. Kh1 Qd4 23. g3 f6 24. f4 fxe5 25. fxe5 g6 26. Kg2 b5 27. a3
a6 28. h4 Kg7 29. Kh3 h5 30. Kg2 a5 31. Kh2 c5 32. Kg2 c4 33. bxc4 dxc4 34. Qe3
Qxe3 35. Rxe3 Rb6 36. c3 b4 37. cxb4 axb4 38. axb4 Rxb4 39. Re4 Kf7 40. Kf3 Ke6
41. Kf4 Kd5 42. Re2 c3+ 43. Kg5 Re4 44. Rg2 Rc4 45. Rc2 Rc6 46. e6 Kxe6 47. Kxg6
Rc5 48. g4 hxg4 49. h5 Ke5 50. h6 Kd4 51. h7 Rc8 52. Rg2 Kd3 53. Rxg4 c2 54. Rg1
Kd2 55. Kg7 c1=Q 56. Rxc1 Kxc1 57. h8=Q Rxh8 1/2-1/2

[Event "40th Olympiad Open"]
[Site "Istanbul TUR"]
[Date "2012.08.30"]
[Round "3.55"]
[Board "3"]
[White "Seegolam, Pradeep"]
[Black "Matoewi, Roger"]
[Result "0-1"]
[BlackTitle "CM"]
[WhiteElo "2041"]
[BlackElo "2089"]
[WhiteTeam "Mauritius"]
[BlackTeam "Suriname"]
[WhiteFideId "9700080"]
[BlackFideId "8200084"]
[EventDate "2012.08.28"]

1. d4 f5 2. g3 Nf6 3. Bg2 g6 4. Nf3 Bg7 5. c4 d6 6. Nc3 c6 7. e3 O-O 8. O-O Na6
9. Rb1 Nc7 10. b4 Bd7 11. Bb2 Rb8 12. a4 a6 13. Ng5 Qe8 14. Qb3 h6 15. Nh3 Kh7
16. Nf4 e5 17. dxe5 dxe5 18. Nd3 Rd8 19. Rfd1 b6 20. Ba3 Rf7 21. a5 b5 22. Nc5
Re7 23. Rd6 e4 24. cxb5 axb5 25. Bf1 Ng4 26. Nxd7 Rexd7 27. Rxc6 Ne5 28. Rc5
Nf3+ 29. Kg2 Nd2 30. Qc2 Nxf1 31. Rxf1 Rd2 32. Qc1 Ne6 33. Nb1 Nxc5 34. Nxd2 Nd3
35. Qc2 Rc8 36. Qa2 Qc6 37. Nb1 g5 38. h3 f4 39. g4 Rf8 40. Kg1 fxe3 41. fxe3
Rxf1+ 42. Kxf1 Qf6+ 43. Kg1 Qf3 44. Qg2 Qxe3+ 45. Kh1 Nf2+ 46. Kg1 Nxh3+ 47. Kh1
Qe1+ 0-1

[Event "40th Olympiad Open"]
[Site "Istanbul TUR"]
[Date "2012.08.30"]
[Round "3.56"]
[Board "1"]
[White "Munoz Santana, Jose Lisandro"]
[Black "Ferster, Fabian"]
[Result "1-0"]
[WhiteTitle "IM"]
[WhiteElo "2428"]
[BlackElo "2144"]
[WhiteTeam "Dominican Republic"]
[BlackTeam "Liechtenstein"]
[WhiteFideId "6400361"]
[BlackFideId "4695330"]
[EventDate "2012.08.28"]

1. e4 c5 2. Nf3 Nc6 3. d4 cxd4 4. Nxd4 Qb6 5. Nb3 Nf6 6. Nc3 e6 7. Bd3 a6 8. Qe2
d6 9. Bg5 Be7 10. f4 Qc7 11. O-O h6 12. Bh4 O-O 13. Kh1 b5 14. a3 Bb7 15. Rae1
b4 16. axb4 Nxb4 17. Bf2 Rac8 18. Ra1 d5 19. e5 Ne4 20. Bd4 Nc5 21. Bxc5 Bxc5
22. f5 Nxd3 23. cxd3 exf5 24. Rxf5 Bb4 25. d4 Qc4 26. Qd1 Bxc3 27. bxc3 Qxc3 28.
Nc5 Rxc5 29. dxc5 Qxc5 30. Qf3 Qb6 31. Rf1 d4 32. Qf2 Bd5 33. Rf4 Rd8 34. Rd1
Be6 35. Rfxd4 Rxd4 36. Qxd4 Qb5 37. h3 Qc4 38. Qxc4 Bxc4 39. Rc1 Bb5 40. Rc7 Kf8
41. Kg1 Bd3 42. Kf2 Bf5 43. h4 g6 44. Ke3 h5 45. Ra7 Kg7 46. Rxa6 Bg4 47. g3 Bf5
48. Kd4 Bg4 49. Rf6 Bd7 50. Kd5 Ba4 51. Kd6 Bb3 52. Rf4 Ba2 53. g4 hxg4 54. Rxg4
Kf8 55. Rg5 Bb3 56. h5 gxh5 57. Rxh5 Bc4 58. Rh6 Bb3 59. Rh8+ Kg7 60. Rb8 Be6
61. Ke7 Bd5 62. Rd8 Bc4 63. Rd4 Be6 64. Rd1 Bf5 65. Rg1+ Bg6 66. Rg3 Kh7 67. Kf6
Kg8 68. e6 Kf8 69. e7+ 1-0

[Event "40th Olympiad Open"]
[Site "Istanbul TUR"]
[Date "2012.08.30"]
[Round "3.56"]
[Board "2"]
[White "Kobler, Mario"]
[Black "Pinal, Nelson B"]
[Result "1/2-1/2"]
[BlackTitle "IM"]
[WhiteElo "2099"]
[BlackElo "2322"]
[WhiteTeam "Liechtenstein"]
[BlackTeam "Dominican Republic"]
[WhiteFideId "12000094"]
[BlackFideId "3500594"]
[EventDate "2012.08.28"]

1. c4 e5 2. Nc3 Nf6 3. Nf3 Nc6 4. g3 d5 5. d4 exd4 6. Nxd4 Nxd4 7. Qxd4 Be6 8.
cxd5 Nxd5 9. Bg2 Nb4 10. Qxd8+ Rxd8 11. O-O c6 12. Bf4 Be7 13. Rfd1 O-O 14. Bc7
Rxd1+ 15. Rxd1 Rc8 16. Be5 f6 17. Bd6 Kf7 18. a3 Na6 19. Bxe7 Kxe7 20. b4 Rd8
21. f4 Rxd1+ 22. Nxd1 Nc7 23. Nc3 Bc4 24. Kf2 Nb5 25. Nxb5 Bxb5 26. Ke3 Kd6 27.
Bf3 b6 28. Kd4 Ba6 29. e4 c5+ 30. bxc5+ bxc5+ 31. Kc3 Bf1 32. Bd1 h6 33. h4 Bb5
34. Bb3 Bc6 35. Bc2 1/2-1/2

[Event "40th Olympiad Open"]
[Site "Istanbul TUR"]
[Date "2012.08.30"]
[Round "3.57"]
[Board "2"]
[White "Merritt, Mario"]
[Black "Garcia, Raul"]
[Result "0-1"]
[WhiteTitle "FM"]
[BlackTitle "FM"]
[WhiteElo "2103"]
[BlackElo "2193"]
[WhiteTeam "Trinidad & Tobago"]
[BlackTeam "Andorra"]
[WhiteFideId "7700148"]
[BlackFideId "6900020"]
[EventDate "2012.08.28"]

1. c4 e6 2. Nc3 d5 3. d4 c5 4. cxd5 exd5 5. Nf3 Nc6 6. g3 Nf6 7. Bg2 Be7 8. O-O
O-O 9. Bg5 c4 10. Ne5 Be6 11. Nxc6 bxc6 12. b3 h6 13. Bxf6 Bxf6 14. Na4 Rc8 15.
Nc5 Bf5 16. Qd2 Bg5 0-1

[Event "40th Olympiad Open"]
[Site "Istanbul TUR"]
[Date "2012.08.30"]
[Round "3.57"]
[Board "3"]
[White "Jose Queralto, Daniel"]
[Black "Singh, Ravishen"]
[Result "1-0"]
[WhiteElo "2133"]
[BlackElo "2067"]
[WhiteTeam "Andorra"]
[BlackTeam "Trinidad & Tobago"]
[WhiteFideId "6900089"]
[BlackFideId "7700199"]
[EventDate "2012.08.28"]

1. e4 c5 2. Nf3 e6 3. d4 cxd4 4. Nxd4 Nf6 5. Bd3 a6 6. O-O d6 7. c4 Nbd7 8. Nc3
Be7 9. Be3 Qc7 10. Rc1 O-O 11. f3 b6 12. Qd2 Bb7 13. Rfd1 Rac8 14. Bf1 Qb8 15.
b4 Bd8 16. g3 Ne5 17. Na4 Bc7 18. Qf2 d5 19. exd5 exd5 20. c5 b5 21. Nb2 Nc6 22.
Nd3 Rfe8 23. Nxc6 Bxc6 24. Bf4 Qb7 25. Bxc7 Rxc7 26. Qd4 Rce7 27. Re1 Qd7 28.
Rxe7 Rxe7 29. Re1 Rxe1 30. Nxe1 Qe6 31. Nd3 Nd7 32. Kf2 g5 33. Nc1 Ne5 34. Bd3
Qf6 35. Be2 Nd7 36. Qxf6 Nxf6 37. Nb3 Ne8 38. Bd3 Bd7 39. Nd4 Nc7 40. Ke3 Kg7
41. g4 h6 42. Bf5 Be6 43. Bc2 Kf6 44. a4 Bd7 45. c6 Be8 46. axb5 axb5 47. Bd3
Ke5 48. Nxb5 d4+ 49. Kd2 Nd5 50. c7 Nb6 51. Na7 Bd7 52. Ba6 Nd5 53. c8=Q Bxc8
54. Nxc8 Nxb4 55. Bb7 Na2 56. Nb6 f5 57. h3 Nc3 58. Nc4+ Kf4 59. Kd3 Nb5 60. Bd5
Nc7 61. Bc6 fxg4 62. hxg4 Ne6 63. Nd2 Ke5 64. Nb3 Nf4+ 65. Kc4 h5 66. gxh5 Nxh5
67. Nxd4 Nf6 68. Ne2 Ng8 69. Kd3 Nf6 70. Ke3 Nh5 71. Bd7 Nf6 72. Bc8 Nd5+ 73.
Kf2 Nf6 74. Kg3 Kd5 75. Ng1 Ke5 76. Nh3 g4 77. Bxg4 Nd5 78. Bc8 Kf6 79. Bb7 Ne7
80. Be4 Nc8 81. f4 Nd6 82. Bd3 Nf7 83. Nf2 Nd8 84. Bc4 Nc6 85. Kg4 Nd4 86. Ne4+
Kg7 87. Ng5 Kf6 88. Nf3 Nf5 89. Bd3 Nh6+ 90. Kh5 Nf5 91. Nh4 Nd4 92. Kg4 Ne6 93.
f5 Nd4 94. Kf4 Nxf5 95. Bxf5 Kg7 96. Ke5 Kh8 97. Kf6 Kg8 98. Nf3 Kh8 99. Ne5 Kg8
100. Nf7 Kf8 101. Bh7 Ke8 102. Bf5 Kf8 103. Nh6 Ke8 104. Ng8 Kf8 105. Ne7 Ke8
106. Nd5 Kf8 107. Be6 Ke8 108. Bf5 Kf8 109. Bh7 Ke8 110. Ne7 Kd7 111. Nf5 Ke8
112. Nd6+ Kf8 113. Nf7 Ke8 114. Ne5 Kf8 115. Nd7+ Ke8 116. Ke6 Kd8 117. Kd6 Ke8
118. Bg6+ Kd8 119. Bh5 Kc8 120. Nc5 Kb8 121. Bg4 Ka7 122. Kc7 Ka8 123. Be2 Ka7
124. Ne4 Ka8 125. Nd6 Ka7 126. Nc8+ Ka8 127. Bf3# 1-0

[Event "40th Olympiad Open"]
[Site "Istanbul TUR"]
[Date "2012.08.30"]
[Round "3.60"]
[Board "1"]
[White "Heiba, Mohamed"]
[Black "Elliott, Warren"]
[Result "1/2-1/2"]
[BlackTitle "FM"]
[WhiteElo "1903"]
[BlackElo "2250"]
[WhiteTeam "Mauritania"]
[BlackTeam "Jamaica"]
[WhiteFideId "19600089"]
[BlackFideId "7400179"]
[EventDate "2012.08.28"]

1. d4 d5 2. Nf3 c6 3. g3 Nf6 4. Bg2 Bf5 5. c4 e6 6. Nc3 h6 7. Qb3 Qb6 8. O-O Be7
9. c5 Qxb3 10. axb3 Na6 11. Bd2 O-O 12. Ne5 Rfc8 13. Ra3 Nc7 14. Rfa1 a6 15. f3
Rd8 16. g4 Bh7 17. Bf4 Nfe8 18. Rd1 f6 19. Nd3 e5 20. Be3 exd4 21. Bxd4 Ne6 22.
Bf2 Bxd3 23. Rxd3 Nxc5 24. Rd2 Ne6 25. Ra1 Bb4 26. e3 Nc5 27. Rad1 Nxb3 28. Rd3
Nc5 29. Rd4 Bxc3 30. bxc3 Ne6 31. R4d2 Nd6 32. Bf1 Ng5 33. Kg2 Ngf7 34. e4 dxe4
35. Bb6 exf3+ 36. Kxf3 Rd7 37. Kg2 Rb8 38. c4 Nc8 39. Rxd7 Nxb6 40. Rc7 Ne5 41.
Rb1 Nbxc4 42. Bxc4+ Nxc4 43. Rbxb7 Rxb7 44. Rxb7 Ne5 45. Kg3 c5 46. Ra7 c4 47.
Rxa6 Kf7 48. Kf4 g6 49. h3 Nd3+ 50. Ke3 g5 51. Kd4 Ne5 52. Kd5 Kg6 53. Ra8 c3
54. Rc8 h5 55. gxh5+ Kxh5 56. Ke6 Ng6 57. Kxf6 c2 58. Rxc2 Nf4 59. Rc8 Nxh3 60.
Kf5 Kh4 61. Rc4+ Kg3 62. Ra4 Kf3 63. Ra3+ Kg2 64. Kg4 Nf2+ 65. Kxg5 Nh3+ 66. Kh4
Nf2 67. Rb3 Ne4 68. Kg4 Nf2+ 69. Kf4 Nh3+ 70. Ke5 Nf2 71. Kd4 Ng4 72. Kc4 Nf2
73. Kb4 Ng4 74. Ka3 Ne5 75. Kb2 Nf3 76. Kc1 Kg3 77. Kd1 Kf4 78. Rb4+ Ke5 1/2-1/2

[Event "40th Olympiad Open"]
[Site "Istanbul TUR"]
[Date "2012.08.30"]
[Round "3.60"]
[Board "3"]
[White "Boydia, Sidi"]
[Black "Davy, Damion"]
[Result "1/2-1/2"]
[WhiteElo "2024"]
[BlackElo "2101"]
[WhiteTeam "Mauritania"]
[BlackTeam "Jamaica"]
[WhiteFideId "19600100"]
[BlackFideId "7400519"]
[EventDate "2012.08.28"]

1. e4 c5 2. Nc3 Nc6 3. g3 g6 4. Bg2 Bg7 5. Nge2 e6 6. d3 Nge7 7. Be3 b6 8. d4
cxd4 9. Nxd4 a6 10. f4 Bb7 11. Qd2 Na5 12. b3 d5 13. e5 Qc7 14. Nce2 Nf5 15.
Nxf5 gxf5 16. Kf2 O-O 17. Qd4 b5 18. Qb6 Qxb6 19. Bxb6 Nc6 20. Rac1 Rac8 21. Nd4
Nb4 22. a3 Na2 23. Ra1 Nc3 24. Bf1 Ne4+ 25. Ke3 Rfe8 26. Bd3 f6 27. Nf3 fxe5 28.
Nxe5 Bf8 29. Rhg1 Bd6 30. Bd4 Bxe5 31. Bxe5 Kf7 32. g4 Rg8 33. gxf5 exf5 34. Kd4
Ke6 1/2-1/2

[Event "40th Olympiad Open"]
[Site "Istanbul TUR"]
[Date "2012.08.30"]
[Round "3.60"]
[Board "4"]
[White "Mellace, Andrew"]
[Black "Yahi, Mohamed Salem"]
[Result "1-0"]
[WhiteElo "2081"]
[BlackElo "1895"]
[WhiteTeam "Jamaica"]
[BlackTeam "Mauritania"]
[WhiteFideId "7400055"]
[BlackFideId "19600160"]
[EventDate "2012.08.28"]

1. e4 d6 2. d4 Nf6 3. Nc3 g6 4. Nge2 Bg7 5. Ng3 Nc6 6. d5 Nb4 7. a3 Na6 8. Bb5+
Bd7 9. Bxa6 bxa6 10. Qd3 Qc8 11. O-O O-O 12. f4 h5 13. e5 dxe5 14. fxe5 Ng4 15.
e6 fxe6 16. Qxg6 Rxf1+ 17. Nxf1 Qf8 18. Be3 Be8 19. Qxe6+ Bf7 20. Qf5 Nxe3 21.
Nxe3 Bd4 22. Qe4 Qg7 23. Rd1 Bb6 24. Kh1 Bg6 25. Nf5 Bxf5 26. Qxf5 Rf8 27. Qe6+
Kh8 28. Ne4 h4 29. c3 Rf4 30. h3 Qf8 31. Qe5+ Kg8 32. Qg5+ Kh8 33. Qe5+ Kg8 34.
Qg5+ Kh8 35. Nd2 Qf7 36. Nf3 Bc5 37. Re1 Rf6 38. Qxh4+ Kg8 39. Re5 Rg6 40. Rg5
Bd6 41. Rxg6+ Qxg6 42. Qg5 Kg7 43. g4 a5 44. Qxg6+ Kxg6 45. a4 Bf4 46. b3 Kf6
47. Kg2 e5 48. dxe6 Kxe6 49. Kf2 Kd5 50. Ke2 c5 51. Kd3 a6 52. h4 Bh6 53. g5 Bg7
54. c4+ Ke6 55. Ke4 Bc3 56. h5 Bb2 57. h6 Bc3 58. g6 Bf6 59. g7 Kf7 60. Kf5 Bb2
61. Ng5+ Kg8 62. Ne6 Bc1 63. Ke4 1-0

[Event "40th Olympiad Open"]
[Site "Istanbul TUR"]
[Date "2012.08.30"]
[Round "3.63"]
[Board "1"]
[White "Massana, Jorge"]
[Black "Elarbi, Abobker"]
[Result "0-1"]
[WhiteElo "2186"]
[BlackElo "2259"]
[WhiteTeam "Us Virgin Islands"]
[BlackTeam "Libya"]
[WhiteFideId "3100073"]
[BlackFideId "9200355"]
[EventDate "2012.08.28"]

1. e4 e5 2. Nf3 Nc6 3. Bc4 Nf6 4. d3 Be7 5. Bb3 O-O 6. c3 d5 7. Qe2 d4 8. O-O
Bg4 9. h3 Bh5 10. Nbd2 a6 11. Re1 Kh8 12. Nf1 Bg6 13. g4 h6 14. Ng3 Nh7 15. Kg2
Ng5 16. Nh4 Nh7 17. Nhf5 Bg5 18. cxd4 Bxf5 19. Nxf5 Nxd4 20. Nxd4 Qxd4 21. Be3
Qd6 22. Rad1 c5 23. Bd5 Rab8 24. Qc2 b6 25. a4 a5 26. Bc4 Rbd8 27. Rf1 Qf6 28.
Qd2 Bf4 29. Rde1 g5 30. Bxf4 gxf4 31. f3 h5 32. Rh1 Rg8 33. Reg1 Rd6 34. Kf2
Qh4+ 35. Ke2 Qe7 36. Qe1 Rh6 37. Qc3 Rg7 38. Bb3 Nf8 39. Kd1 hxg4 40. hxg4 Rgh7
41. Qe1 Qd7 42. Kc2 Rh2+ 43. Rxh2 Rxh2+ 44. Kb1 Qxd3+ 45. Ka2 c4 0-1

[Event "40th Olympiad Open"]
[Site "Istanbul TUR"]
[Date "2012.08.30"]
[Round "3.63"]
[Board "3"]
[White "Creswell, Reece"]
[Black "Al-Zayat, Ahmed"]
[Result "0-1"]
[BlackTitle "FM"]
[WhiteElo "1765"]
[BlackElo "1977"]
[WhiteTeam "Us Virgin Islands"]
[BlackTeam "Libya"]
[WhiteFideId "6800262"]
[BlackFideId "9200380"]
[EventDate "2012.08.28"]

1. d4 Nf6 2. Nf3 e6 3. Bf4 Be7 4. e3 d6 5. Bd3 Nh5 6. Bg3 Nxg3 7. hxg3 h6 8.
Nbd2 Nd7 9. c4 c5 10. d5 exd5 11. cxd5 Nf6 12. Qb3 a6 13. e4 b5 14. Bc2 Ng4 15.
a3 c4 16. Qa2 Qb6 17. O-O Bf6 18. Rab1 O-O 19. b4 Bd7 20. a4 Rfe8 21. a5 Qa7 22.
Qa3 Rac8 23. Rbd1 Ne5 24. Nxe5 Rxe5 25. Nf3 Rh5 26. Qe3 Qxe3 27. fxe3 Bg4 28.
Rb1 Re8 29. Nd4 Rhe5 30. Nc6 Bg5 31. Rbe1 Rxe4 32. Bxe4 Rxe4 33. Kf2 c3 34. Nd4
h5 35. Nc2 Re5 36. e4 Bd2 37. Nd4 f5 38. Nf3 Bxe1+ 39. Rxe1 Rxe4 40. Rxe4 fxe4
41. Nd4 Bd1 42. Ke1 c2 43. Kd2 e3+ 44. Kc1 Kf7 45. Nxc2 e2 46. Ne1 Kf6 47. Kd2
Ke5 48. Nf3+ Kxd5 49. Kd3 g5 50. g4 hxg4 51. Ne1 Ke5 52. g3 Bb3 53. Ke3 Bc4 54.
Nc2 d5 55. Ne1 d4+ 56. Kd2 Ke4 0-1

[Event "40th Olympiad Open"]
[Site "Istanbul TUR"]
[Date "2012.08.30"]
[Round "3.64"]
[Board "1"]
[White "Lee, Sanghoon"]
[Black "Fancy, Stuart"]
[Result "1-0"]
[WhiteTitle "CM"]
[WhiteElo "2126"]
[BlackElo "2104"]
[WhiteTeam "South Korea"]
[BlackTeam "Papua New Guinea"]
[WhiteFideId "13200011"]
[BlackFideId "9100024"]
[EventDate "2012.08.28"]

1. c4 g6 2. g3 Bg7 3. Bg2 c5 4. Nf3 Nc6 5. Nc3 d6 6. O-O e5 7. a3 Be6 8. d3 Nge7
9. Rb1 Qc8 10. Ng5 Bd7 11. Nb5 Qb8 12. Ne4 O-O 13. b4 cxb4 14. axb4 f5 15. Nec3
a6 16. Na3 Nd4 17. e3 Ne6 18. b5 e4 19. Bb2 exd3 20. Qxd3 Nc5 21. Qd2 Be6 22.
Nd5 Nxd5 23. Bxd5 Qe8 24. Bxg7 Kxg7 25. bxa6 Rxa6 26. Nb5 Bxd5 27. Qxd5 Qe4 28.
Rfd1 Rd8 29. Rb2 Kf6 30. Qd4+ Kf7 31. Rbd2 Qxd4 32. Rxd4 Ke7 33. f3 Rd7 34. h4
Ne6 35. R4d2 Nc5 36. Kg2 Ke6 37. h5 g5 38. Rd5 h6 39. Nd4+ Kf6 40. Nxf5 Ra2+ 41.
Kh3 b5 42. cxb5 1-0

[Event "40th Olympiad Open"]
[Site "Istanbul TUR"]
[Date "2012.08.30"]
[Round "3.64"]
[Board "2"]
[White "Marko, Helmut"]
[Black "Jang, Kyungsik"]
[Result "1-0"]
[WhiteTitle "CM"]
[WhiteElo "2014"]
[BlackElo "1861"]
[WhiteTeam "Papua New Guinea"]
[BlackTeam "South Korea"]
[WhiteFideId "9100032"]
[BlackFideId "13201166"]
[EventDate "2012.08.28"]

1. Nf3 Nf6 2. g3 g6 3. Bg2 Bg7 4. O-O O-O 5. c4 c5 6. Nc3 Nc6 7. d3 d6 8. Bg5 h6
9. Bd2 e5 10. a3 Be6 11. e4 Qd7 12. Rb1 a5 13. Nd5 Bxd5 14. cxd5 Ne7 15. b4 axb4
16. axb4 b6 17. Ra1 Qb7 18. Qb3 Nd7 19. Bc3 Rfb8 20. b5 f5 21. Nd2 fxe4 22. dxe4
Nc8 23. Nc4 Bf8 24. f4 Rxa1 25. Bxa1 exf4 26. gxf4 Qc7 27. Qc3 Kf7 28. e5 Ke8
29. e6 1-0

[Event "40th Olympiad Open"]
[Site "Istanbul TUR"]
[Date "2012.08.30"]
[Round "3.65"]
[Board "1"]
[White "Liu, Yeh Yang"]
[Black "Kirby, Peter J."]
[Result "0-1"]
[BlackTitle "CM"]
[WhiteElo "1883"]
[BlackElo "2007"]
[WhiteTeam "Chinese Taipei"]
[BlackTeam "Guernsey"]
[WhiteFideId "16300416"]
[BlackFideId "409014"]
[EventDate "2012.08.28"]

1. e4 c5 2. Nf3 Nc6 3. d4 cxd4 4. Nxd4 g6 5. c4 Nf6 6. Nc3 d6 7. Be2 Nxd4 8.
Qxd4 Bg7 9. O-O O-O 10. Qd3 Be6 11. b3 Nxe4 12. Qxe4 Bxc3 13. Bh6 Bxa1 14. Rxa1
Bf5 15. Qxb7 Qd7 16. Qxd7 Bxd7 17. Bxf8 Kxf8 18. Rd1 Rc8 19. f4 Bc6 20. Kf2 Bb7
21. g3 Rc5 22. Ke3 a5 23. a3 Rc8 24. Rd3 Ke8 25. Kd4 Kd7 26. Bg4+ e6 27. Re3 f5
28. Be2 Be4 29. g4 h6 30. Rh3 Rh8 31. b4 axb4 32. axb4 Bg2 33. Ra3 e5+ 34. fxe5
dxe5+ 35. Ke3 Ra8 36. Rd3+ Ke6 37. gxf5+ gxf5 38. c5 Bd5 39. b5 f4+ 40. Kd2 e4
41. Bg4+ Ke5 42. Rc3 e3+ 43. Ke1 Ra1+ 44. Ke2 Ra2+ 45. Ke1 Kd4 46. Rc1 Rxh2 47.
Rd1+ Kxc5 48. b6 Rh1+ 49. Ke2 f3+ 50. Bxf3 Bxf3+ 51. Kxf3 Rxd1 0-1